Un análisis sociolingüístico de las esferas de uso del inglés de Limón en hablantes y de los descendientes de hablantes del inglés de Limón, que no lo hablan con respecto a esta lengua

Tallennettuna:
Bibliografiset tiedot
Päätekijä: Simms Ennis, Giselle
Aineistotyyppi: Kirja
Kieli:Undetermined
Julkaistu: San José, Costa Rica Escuela de Filología, Lingüística y Literatura,Universidad de Costa Rica 1990
Aiheet:
Tagit: Lisää tagi
Ei tageja, Lisää ensimmäinen tagi!

MARC

LEADER 00000nam a2200000Ia 4500
008 170316s9999 xx 000 0 und d
040 |a cru BVZT 
090 |a TESIS 426 
100 |a Simms Ennis, Giselle 
245 |a Un análisis sociolingüístico de las esferas de uso del inglés de Limón en hablantes y de los descendientes de hablantes del inglés de Limón, que no lo hablan con respecto a esta lengua 
260 |a San José, Costa Rica 
260 |b Escuela de Filología, Lingüística y Literatura,Universidad de Costa Rica 
260 |c 1990 
300 |a 114 páginas 
650 |a LICENCIATURA EN LINGÜÍSTICA 
650 |a TRABAJO FINAL DE GRADUACIÓN 
999 |c 14065  |d 14065 
942 |c TFG  |h TESIS 426  |2 z